LDR 01438naa#a2200253#i#450# 001 RU\RIOR\bibl\126194 005 20260629120537.1 011 ## _a2409-6024 100 ## _a20260530b2026####ek#y0rusy0150####ca 102 ## _aRU 200 1# _aОбеспечение экономической безопасности лесопромышленного комплекса на основе интеграции цифровых систем пожаротушения и инновационного лесовосстановления _eЖурнальная статья 210 1# _aМосква _cООО "Издательский Центр РИОР" _d2026 215 ## _a6 с. 606 ## _aЭкономика и управление. 38.00.00 _2local 608 ## _aЖурнальная статья _2local 675 ## _aЭкономика. Народное хозяйство. Экономические науки. 33 _z 686 ## _aОБЩЕСТВЕННЫЕ НАУКИ. 6 _2bbk 686 ## _aОБЩЕСТВЕННЫЕ НАУКИ. ЭКОНОМИКА. ПРАВО.. 7 _2tbk 686 ## _aЭКОНОМИКА И ЭКОНОМИЧЕСКИЕ НАУКИ. 06.00 _2grnti 700 #1 _aБулгакова _gМарина Александровна 700 #1 _aНауменко _gСветлана Николаевна 700 #1 _aМазин _gАлександр Леонидович 700 #1 _aЯшина _gНадежда Игоревна 856 4# _ariorpub.com _u